000
00278nam a22001337a 4500
008
180119b xxu||||| |||| 00| 0 eng d
020
_a
9780078656095
041
_a
eng
080
_a
51
100
_a
36
101
_a
MAT
245
_a
ALGEBRA 2
_c
Holliday,B
942
_2
udc
_c
BK
999
_c
40572
_d
40572